[Event "Moja Open Prestige 2022"]
[Site "Kimberley"]
[Date "2022.03.20"]
[Round "1.1"]
[White "Cawdery, Daniel"]
[Black "Mashope, Mpho D."]
[Result "1-0"]
[WhiteElo "2419"]
[BlackElo "1601"]
[Annotator "TA"]
[PlyCount "59"]
[EventDate "2022.03.19"]
[EventType "swiss"]
[EventCountry "RSA"]
[SourceTitle "playchess.com"]
[Source "ChessBase"]
[SourceQuality "1"]

{[%evp 14,59,9,0,17,17,39,40,56,54,104,108,137,133,134,129,144,146,174,173,184,178,262,208,209,200,200,203,202,214,208,175,211,188,225,239,249,251,241,238,306,314,302,293,708,264,1157,1070]} 1. e4 c5 2. Nf3 d6 3. d4 cxd4 4. Qxd4 a6 5. Be3 Nc6 6. Qd2 Nf6 7. Nc3 e6 8. O-O-O {[%cal Oe4e5]} Be7 {B53: Sicilian: 2...d6: Lines with Qxd4.} 9. Bf4 {[%cal Rf4d6]} e5 10. Bg5 Be6 {White is slightly better.} 11. Bxf6 gxf6 (11... Bxf6 $14 12. Qxd6 Qxd6 13. Rxd6 Be7) 12. Nd5 $16 Bxd5 13. exd5 Nb8 14. Nh4 {[#] White is more active.} Qc7 $146 ({Predecessor:} 14... Nd7 15. Be2 Rc8 16. Nf5 Rg8 17. g3 b5 18. Qh6 Qc7 19. c3 Qa5 20. a3 Rxc3+ {1-0 (30) Buenavista,A (1800)-Ramos,F (1830) FICGS email 2015}) 15. Nf5 Bf8 {Inhibits Qh6.} 16. h4 h5 17. Rh3 Qc8 (17... Nd7 $142 18. Rc3 Qd8) 18. Rf3 Nd7 19. g3 Nc5 20. Bh3 {[%cal Of5d6] Black must now prevent Nxd6+!} Qd8 21. Kb1 Qb6 22. Re1 a5 23. Ka1 a4 24. a3 Ra5 25. Bf1 Rg8 26. Qb4 Qc7 27. Rc3 Ra8 28. Be2 Qc8 {[#]} (28... Kd8 29. Bxh5 Rb8) 29. Ne3 $2 (29. Qb6 $1 Qxf5 {[#]} 30. Rxc5 $1 {[%mdl 512]}) 29... Qd8 $2 {[#]} (29... Rh8 30. Nc4 Rb8) 30. Rxc5 $1 {[%mdl 512] Black got outplayed after the opening.  Weighted Error Value: White=0.21 (precise) /Black=0.26 (precise)} 1-0

[Event "Moja Open Prestige 2022"]
[Site "Kimberley"]
[Date "2022.03.20"]
[Round "1.2"]
[White "Jikijela, Musa"]
[Black "Makoto, Rodwell"]
[Result "0-1"]
[WhiteElo "1625"]
[BlackElo "2349"]
[Annotator "TA"]
[PlyCount "79"]
[EventDate "2022.03.19"]
[EventType "swiss"]
[EventCountry "RSA"]
[SourceTitle "playchess.com"]
[Source "ChessBase"]
[SourceQuality "1"]

{[%evp 13,79,-20,0,0,-7,-16,0,0,16,-32,-18,-38,0,-34,39,45,183,178,172,180,164,175,168,175,194,189,182,191,188,181,200,176,180,61,62,56,55,33,41,15,87,87,83,25,29,0,0,0,0,0,0,0,0,0,0,0,0,0,-4,-2,-4,-12,-5,-288,-288,-527,-441,-12841]} 1. d4 Nf6 2. Nf3 d5 3. g3 g6 4. Bg2 Bg7 5. O-O O-O 6. c4 dxc4 7. Ne5 Nc6 8. Nxc6 {D77: Fianchetto Grünfeld: 6 0-0: Replies other than 6...c6.} bxc6 9. Bxc6 Bh3 10. Re1 {The position is equal.} Rb8 11. Nc3 {To avoid Nd5} (11. Na3 $1 $11) 11... Qd6 12. Bf3 Rfd8 (12... Nd7 $5 {[%cal Rg7d4]}) 13. d5 {[#]} Nd7 $146 (13... Qb4 $15) ({Predecessor:} 13... e5 14. Qc2 Qb4 15. Rd1 Bf5 16. e4 Bd7 17. Rb1 Ne8 18. Bg5 f6 19. Be3 Qa5 {1-0 (44) Briestensky,R (2383)-Feldman,V (2298) Beijing 2008}) 14. Ne4 $1 $14 Qa6 ({Black should play} 14... Qb4 $1 $14) 15. Ng5 $18 c3 16. bxc3 ({Inferior is} 16. Nxh3 cxb2 17. Rb1 bxc1=R 18. Rxc1 Qxa2 $15) 16... Bxc3 17. Bd2 Bxa1 18. Qxa1 Bf5 19. e4 Qf6 ({Weaker is} 19... Qd3 20. Qc1 $16) 20. exf5 Qxa1 21. Rxa1 Nf6 22. fxg6 hxg6 23. Bf4 (23. Kg2 $18) 23... Nxd5 $14 24. Bxd5 Rxd5 {[#]} 25. Bxc7 $1 Rb2 26. Nf3 Rc2 (26... g5 $11) 27. Bf4 $16 Ra5 28. a3 (28. a4 $16) 28... Rc3 $11 {[%csl LRa3,LRf3]} 29. Nd2 (29. Bd2 {feels hotter.} Rcxa3 30. Re1 Rd5 31. Be3 f6 32. Rc1) 29... Rcxa3 30. Rxa3 Rxa3 31. Kf1 f6 32. h4 Rc3 33. Ke2 a5 {[%cal Ba7a5,Ba5a4,Ba4a3,Ba3a2][%mdl 32] [#] ...a4 is the strong threat.} 34. Be3 a4 {White must now prevent ...a3.} 35. Nb1 Rb3 36. Nd2 Rb5 {Strongly threatening ...a3.} 37. Nc4 Rb4 {[%mdl 1024] Black has compensation.} 38. Kd3 {[%mdl 8192]} (38. Na3 $11) 38... a3 $1 $19 39. Bd4 $2 (39. Nxa3 {was the only defense.} Rb3+ 40. Ke4 Rxa3 41. Bh6) 39... a2 {Threatens to win with ...e5.} 40. Bc3 {Quite a comeback for Black.  Weighted Error Value: White=0.37/Black=0.19 (very precise)} (40. f4 $142) 0-1

[Event "Moja Open Prestige 2022"]
[Site "Kimberley"]
[Date "2022.03.20"]
[Round "1.3"]
[White "Bhawoodien, Shabir Hussain"]
[Black "Vorster, Stephanus"]
[Result "0-1"]
[WhiteElo "2058"]
[BlackElo "1600"]
[Annotator "TA"]
[PlyCount "120"]
[EventDate "2022.03.19"]
[EventType "swiss"]
[EventCountry "RSA"]
[SourceTitle "playchess.com"]
[Source "ChessBase"]
[SourceQuality "1"]

{[%evp 16,120,8,8,26,22,14,0,7,16,22,0,44,23,32,45,45,46,70,-85,43,16,14,-92,-88,-93,-89,-134,-141,-138,-91,-212,-198,-428,-181,-179,0,0,0,-103,-97,-161,-52,-48,-43,-47,-49,-97,-101,-116,-125,-109,-107,-118,-111,-167,-164,-174,-174,-208,-209,-183,-135,-195,-175,-228,-117,-314,-302,-314,-297,-296,-293,-279,-206,-199,-92,-447,-436,-447,-422,-1163,-992,-2680,-1828,-1242,-758,-1129,-191,-2206,-587,-2981,-2637,-2110,-2048,-4230,-2835,-6087,-5110,-6072,-3223,-7152,-6463,-29975,-29971,-8125,-2682]} 1. e4 c5 2. Nf3 d6 3. d4 cxd4 4. Nxd4 Nf6 5. Nc3 a6 6. Bg5 e6 7. f4 h6 8. Bh4 Qb6 9. a3 {The main line 9.a3 scores better than 9.Qd2.} Be7 {[%cal Of6e4] B96: Sicilian Najdorf: 6 Bg5 e6 7 f4, lines other than 7...Qb6 and 7...Be7.} (9... Qxb2 $2 10. Na4 Qxa1 11. Qxa1 $18) 10. Bf2 {[%cal Od4e6]} Qc7 (10... Qxb2 $2 11. Na4 Qxa1 12. Qxa1 $18) 11. Be2 b5 {The position is equal.} 12. Bf3 {[%cal Oe4e5]} Bb7 13. Qe2 Nbd7 {[#]} (13... Nc6 $11 {might be stronger.}) 14. g4 $146 ({Predecessor:} 14. O-O-O Rc8 15. Kb1 Nc5 16. e5 dxe5 17. fxe5 Nfd7 18. Bxb7 Qxb7 19. b4 Na4 20. Nxa4 bxa4 {½-½ (71) Bezgodov,A (2456)-Drygalov,A (2492) Cheliabinsk 2020}) 14... g5 15. f5 e5 16. Nb3 Nb6 17. Na5 $2 (17. O-O-O $14 {keeps the upper hand.}) 17... Rc8 (17... Na4 $1 $17 {[%cal Ra4c3]} 18. Nxa4 (18. Nxb7 Nxc3 19. Qe3 Na4 $17) 18... Qxa5+ 19. Nc3 b4 20. axb4 Qxa1+ 21. Kd2 Qxb2) 18. O-O-O Nc4 $1 19. Nxb7 (19. Nxc4 $1 $11 Qxc4 20. Rd3) 19... Qxb7 $17 20. Na2 a5 $1 {[%cal Oh6h5]} 21. Rd3 (21. Kb1 $142) 21... b4 22. Rb3 Qa6 {Black is more active.} (22... Qc7 $142 {White must now prevent ...bxa3.} 23. axb4 axb4) 23. Qd3 (23. h4 $17) 23... O-O $19 {aiming for ...bxa3.} 24. h4 $2 (24. Re1) 24... Nd7 {Pair of Knights!} (24... d5 $142 25. exd5 bxa3) 25. Be2 {[%cal Of5f6]} Rc6 $2 (25... d5 $1 $19 {[%cal Rd5d4] ...d4 is the strong threat.} 26. exd5 gxh4) 26. Kb1 ({Wrong is} 26. axb4 $2 axb4 27. Kb1 (27. Rxb4 $2 Qxa2 28. c3 d5 $19) 27... Ra8 $19) 26... bxa3 27. bxa3 (27. Nc3 $1 $11 {keeps the balance.}) 27... Rfc8 $1 $17 28. Nc3 {[#]} (28. Ka1 $17 Qa8 29. h5) 28... Nxa3+ $1 {[%mdl 512]} 29. Rxa3 $15 Qxd3 {Really sharp!} 30. Bxd3 Rxc3 31. Rxc3 (31. Rxa5 $15 {is superior.} gxh4 32. Bxh4 Bxh4 33. Rxh4) 31... Rxc3 $17 32. hxg5 Bxg5 33. Kb2 Rc8 34. Be1 Ra8 35. Bc4 (35. Rg1 $17) 35... Nf6 {[%csl LRe4,LRg4]} 36. Ka3 Nxg4 37. Ka4 Nf6 38. Bd3 Kf8 ({Black should try} 38... Rc8 $19 {[%cal Of6e4]} 39. Kb5 Rb8+ 40. Kc6 Rb1) 39. Bc3 (39. Rg1 $17) 39... Ke7 40. Rb1 (40. Be1 {was necessary.}) 40... Ra7 (40... h5 $19 {And now ...h4 would win.} 41. Rg1 Be3) 41. Rb8 $2 {[#]} (41. Be1 $17 {might work better.}) 41... Nd7 $1 $19 42. Rb5 Nc5+ 43. Ka3 Bc1+ 44. Ka2 a4 45. Bb4 Rb7 (45... Nxd3 $19 {and Black stays clearly on top.} 46. cxd3 Bf4) 46. Kb1 $2 {[%mdl 8192]} (46. Bxc5 $17 {is more resistant.} Rxb5 47. Bxb5 dxc5 48. Bxa4) 46... Rxb5 47. Bxb5 Be3 48. Bxc5 (48. Kb2 $142 Nxe4 49. Bd3) 48... Bxc5 49. Bxa4 {[%mdl 4096] Endgame KB-KB} Kf6 50. Kc1 Kg5 51. Kd2 Kf4 $2 (51... h5 {Threatens to win with ...h4.} 52. Bb5 Kf4) 52. Ke2 $2 (52. Be8) 52... Kxe4 (52... f6 $142 53. Kf1 Kxe4) 53. Bd7 f6 54. Kf1 Ke3 55. Bb5 d5 {[%cal Bd6d5,Bd5d4][%mdl 32]} 56. Ba6 d4 57. Be2 Kf4 58. Kg2 Kxf5 {Hoping for ...e4.} 59. Kf3 e4+ 60. Kg3 Kg5 {Weighted Error Value: White=1.31/Black=0.50} 0-1

[Event "Moja Open Prestige 2022"]
[Site "Kimberley"]
[Date "2022.03.20"]
[Round "1.6"]
[White "Mnyasta, Tezihano"]
[Black "Goosen, Anton"]
[Result "1-0"]
[WhiteElo "1551"]
[BlackElo "1947"]
[Annotator "TA"]
[PlyCount "97"]
[EventDate "2022.03.19"]
[EventType "swiss"]
[EventCountry "RSA"]
[SourceTitle "playchess.com"]
[Source "ChessBase"]
[SourceQuality "1"]

{[%evp 17,97,0,-4,-27,-11,-14,-16,-28,-25,-29,-25,-23,-8,-51,4,0,24,22,24,26,21,21,33,0,0,12,50,49,164,166,163,165,204,200,183,36,133,138,168,161,279,275,258,154,308,281,304,319,356,353,368,355,405,375,443,451,452,439,599,595,552,571,683,683,635,602,687,673,6060,5131,4802,5712,6016,6079,1786,1273,6375,6198,5628,2368,1930,1171]} 1. d4 Nf6 2. c4 g6 3. Nc3 Bg7 4. e4 d6 5. Be2 O-O 6. Nf3 Na6 7. O-O e5 8. dxe5 dxe5 9. Qxd8 Rxd8 10. Nxe5 {[#] E94: King's Indian: Classical: 6 Be2 e5 7 0-0: Various Black 7th moves.} Nxe4 $1 11. Nxe4 {And now f4 would win.} Bxe5 12. Bg5 {The position is equal.} Re8 13. Bf3 Bxb2 14. Rab1 Bf5 {[#]} 15. Rfe1 $146 (15. Rxb2 $11 {is superior.} Bxe4 16. Rxb7) ({Predecessor:} 15. Rxb2 Bxe4 16. Rxb7 Bxf3 17. gxf3 Nc5 18. Rb5 Ne6 19. Be3 a6 20. Rd5 Reb8 21. Rfd1 {0-1 (45) Gilbert-San Marco,B corr 1992}) 15... Bxe4 (15... Bg7 $15 16. g4 Bxe4 17. Rxe4 h6) 16. Rxe4 $11 Rxe4 17. Bxe4 {A strong pair of Bishops.} Nc5 {[#]} 18. Bxb7 Nxb7 19. Rxb2 {[%mdl 4096] Endgame KRB-KRN} Nd6 20. c5 Ne4 {[%csl LRc5,LRg5]} 21. Be3 Rd8 {[%cal Rd8d1]} 22. g3 Rd5 (22... Nc3 $14) 23. Rb7 $18 c6 24. Bh6 Rd8 {Prevents Rb8.} 25. Rxa7 Nxc5 26. Rc7 (26. a4 $18) 26... Ne6 (26... Na6 $14 27. Ra7 (27. Rxc6 Nb4 $14) 27... Nb4) 27. Rxc6 $16 Nd4 {[#]} 28. Ra6 g5 (28... f6 $142 29. Rxf6 Nf5) 29. Kg2 $18 g4 30. Bg5 (30. a4 $18) 30... Rd7 $2 (30... Re8 $16 {was worth a try.} 31. h3 Nf3) 31. Bf6 {Intending Ra8+ and mate.} h6 32. Ra4 Ne6 33. Rxg4+ Kh7 34. h4 Ra7 35. a4 {[%cal Ba2a4,Ba4a5,Ba5a6,Ba6a7][%mdl 32]} h5 36. Rc4 {White is clearly winning.} Kg6 37. Bc3 f5 38. Rc6 Kf7 39. a5 f4 40. a6 Ke7 41. Bb4+ Kf7 42. Rb6 {Rb7+ is the strong threat.} Kf6 43. Bc5 {[%cal Ob6e6] Rxe6+! would kill now.} Ra8 44. a7 Ke5 {[#]} 45. Rb8 $1 Nc7 46. Bb6 Kf5 47. Bxc7 Rxa7 48. Bxf4 Ra5 49. Rg8 {Weighted Error Value: White=0.17 (very precise) /Black=0.45} 1-0

[Event "Moja Open Prestige 2022"]
[Site "Kimberley"]
[Date "2022.03.20"]
[Round "1.7"]
[White "Willenberg, Kenneth Sean"]
[Black "Lukhwareni, Nkhumbuleni"]
[Result "1/2-1/2"]
[WhiteElo "1945"]
[BlackElo "1545"]
[Annotator "TA"]
[PlyCount "109"]
[EventDate "2022.03.19"]
[EventType "swiss"]
[EventCountry "RSA"]
[SourceTitle "playchess.com"]
[Source "ChessBase"]
[SourceQuality "1"]

{[%evp 9,109,16,34,30,45,25,25,21,29,22,12,0,0,0,0,-25,34,29,17,-20,0,-84,0,-117,-100,-102,-48,-61,-33,-75,-70,-75,-81,-87,0,0,0,0,0,0,93,93,77,79,83,97,101,83,131,135,197,198,202,28,19,40,95,96,103,90,283,280,273,259,300,291,293,99,134,14,25,10,10,10,10,10,10,20,20,0,0,0,0,0,0,0,0,0,0,0,0,0,0,0,0,0,0,0,0,0,0,0]} 1. e4 d5 2. exd5 Qxd5 3. Nc3 Qa5 4. Bc4 Nf6 5. d3 c6 6. Qe2 {B01: Scandinavian Defence.} Bf5 {was the old line (6...Bg4).} 7. Nf3 e6 8. Bd2 {[%cal Oc3d5] White has an edge.} Qc7 9. h3 Be7 10. g4 Bg6 {[#]} 11. a4 $146 ({Predecessor:} 11. Ne5 Nd5 12. h4 h6 13. Nxg6 fxg6 14. Qxe6 Rf8 15. Bxd5 cxd5 16. Nxd5 Qc5 17. O-O-O Nd7 18. Bb4 {1-0 (18) Gruskovnjak,T (2348)-Sesko,M Ptuj 2007}) 11... Nbd7 12. Ba2 Nb6 (12... Nd5 $11) 13. Ne5 $1 $14 Nbd7 14. Nc4 Nd5 15. Ne4 (15. O-O-O $11 {remains equal.}) 15... b5 (15... Rd8 $17) 16. Na3 (16. axb5 $11 Nb4 17. Bxb4 Bxb4+ 18. c3 cxb5 19. cxb4 bxc4 20. Bxc4 (20. dxc4 Qf4 $11)) 16... bxa4 17. Nc4 Nb4 (17... h5 $17 18. g5 N7b6) 18. Bb1 $15 Nb6 19. c3 (19. O-O $15 {might be stronger.}) 19... N4d5 $17 20. Bc2 h5 21. g5 Nf4 ({Black should play} 21... O-O $17) 22. Qf3 $11 Bxe4 (22... Nfd5 {looks sharper.} 23. Qe2) 23. Qxe4 Bxg5 24. Ne5 f5 25. Qxc6+ $16 Qxc6 26. Nxc6 Ng2+ 27. Ke2 {[%cal Be1e2,Be2d2,Bd2e3][%mdl 32]} Bxd2 28. Kxd2 Nh4 (28... Nf4 $142) 29. Bxa4 {White is more active.} Nxa4 (29... Kf7 $16 30. Bb3 Kf6) 30. Rxa4 $18 g5 31. Rxa7 $2 (31. b4 $18) 31... Rxa7 $11 32. Nxa7 $18 {[%mdl 4096] Endgame KRN-KRN} Nf3+ (32... Kd7 $1 $14) 33. Ke3 $16 g4 34. b4 Ng5 $2 (34... Kd7 $16 {keeps fighting.}) 35. hxg4 $18 fxg4 36. Nc6 Nf7 37. c4 Kd7 38. Nd4 (38. b5 $18 {and the rest is easy.}) 38... e5 39. Ne2 ({White should try} 39. Nf5 $16) 39... Ng5 $11 40. Nc3 {Hoping for Ne4.} h4 $1 {The position is equal.} 41. Ne4 Nxe4 42. Kxe4 {KR-KR} Ke6 43. b5 {[#] c5 is the strong threat.} h3 44. d4 exd4 45. Kxd4 Rf8 46. Re1+ Kd7 47. Rd1 Kc7 {[#] ( -> ...Rd8+)} 48. Ke3 Rf3+ 49. Ke2 Rc3 50. Kf1 Rxc4 51. Kg1 Kb6 52. Rb1 Rf4 53. Rb3 h2+ 54. Kxh2 Rxf2+ 55. Kg3 {Blacks defense is rewarded with a draw.  Weighted Error Value: White=0.30/Black=0.21 (precise)} 1/2-1/2

[Event "Moja Open Prestige 2022"]
[Site "Kimberley"]
[Date "2022.03.20"]
[Round "2.2"]
[White "Makoto, Rodwell"]
[Black "Simpson, Michael M"]
[Result "1/2-1/2"]
[WhiteElo "2349"]
[BlackElo "1995"]
[Annotator "TA"]
[PlyCount "99"]
[EventDate "2022.03.19"]
[EventType "swiss"]
[EventCountry "RSA"]
[SourceTitle "playchess.com"]
[Source "ChessBase"]
[SourceQuality "1"]

{[%evp 10,99,-6,0,-6,-20,-11,-32,-13,-30,-33,-80,-98,-87,-79,-90,-95,-95,-109,-115,-106,-110,-94,-93,-73,-97,-89,-99,13,13,33,-116,-122,-115,-116,-135,-113,-85,-84,-185,79,79,83,81,63,65,81,81,75,79,83,78,84,80,169,73,82,88,111,65,67,62,159,152,151,0,0,0,0,0,0,0,0,0,0,0,0,0,0,0,0,0,0,0,0,0,8,-8,-4,-8,-8,-8]} 1. d4 d5 2. Nf3 Nf6 3. c4 c6 4. Qc2 g6 5. g3 Bg7 6. Bg2 O-O {[%cal Oc6c5] D11: Slav Defence: 3 Nf3 sidelines and 3...Nf6 4 e3 Bg4.} 7. Bf4 Bf5 {[#]} 8. Qc1 $146 ({Predecessor:} 8. Qb3 Qb6 9. Nbd2 Qxb3 10. axb3 Na6 11. O-O Nb4 12. Be5 Rfd8 13. Ra4 Na6 14. Rc1 {0-1 (74) Nguyen,H (1970)-Oleksienko,M (2585) Chess.com INT 2020}) 8... dxc4 {Black is slightly better.} 9. Nbd2 b5 10. a4 (10. O-O $15 {feels stronger.}) 10... Nd5 $1 $17 11. O-O Nd7 12. Bg5 h6 {[%cal Bh7h6,Bh6g5,Bg5g4][%mdl 32]} 13. e4 hxg5 14. axb5 Bxe4 15. Nxe4 g4 16. Ne5 Nxe5 (16... cxb5 $6 17. Nxg4 N7f6 18. Ngxf6+ exf6 19. Nc3 Nxc3 20. bxc3 $11) (16... Bxe5 $6 17. bxc6 Bg7 18. cxd7 Qxd7 19. Nc5 $11) 17. dxe5 cxb5 18. e6 {exf7+ is the strong threat.} fxe6 (18... Qb6 $1 $17 {[%cal Rb6e6]} 19. exf7+ (19. Nc3 $2 Nxc3 20. bxc3 Rad8 $19) 19... Rxf7 20. Nf6+ Bxf6 21. Bxd5 Raf8 22. Bxf7+ Kxf7) 19. Qg5 $11 {[%csl LRg4,LRg6]} Qe8 (19... Bxb2 $2 20. Qxg6+ Bg7 21. Qxe6+ Kh8 22. Rad1 $18) 20. Nc5 (20. Qxg4 $14 Rf5 21. Ra6) 20... Rf5 $17 21. Qxg4 Nf6 22. Qd4 Rd8 $1 (22... Nd5 23. Qe4 Rb8 24. Nxe6 Bxb2 25. Rxa7 $11) 23. Qe3 Ng4 {[%csl LRb2,LRe3]} 24. Qe2 (24. Qxe6+ $17 Qf7 25. Rxa7 Rxc5 26. Qxg4 (26. Qxe7 $2 Qxe7 27. Rxe7 Bxb2 $19)) 24... Nxf2 $2 25. Nxe6 $16 (25. Rxf2 $2 Rxf2 26. Kxf2 (26. Qxf2 $2 Bd4 $19) 26... Bd4+ 27. Ke1 Bxc5 $19) 25... Re5 {[#]} 26. Nxg7 $1 Rxe2 27. Nxe8 Rdd2 $1 28. Nc7 Rxb2 {[#]} 29. Nxb5 $1 Ng4 30. Bf3 Rxh2 {[%cal Oh2h3]} 31. Nc3 $36 {[%mdl 2048] White has strong initiative.} (31. Rxa7 $6 Rh3 $1 32. Bxg4 (32. Bd5+ Kg7 $17) 32... Rxg3+ 33. Kh1 Rxg4 $11) (31. Nxa7 Kg7 $11) 31... Ne3 (31... Rhc2 $16) 32. Rfb1 (32. Rfe1 $18 {and White stays clearly on top.} Nc2 33. Bd5+ (33. Kxh2 Nxe1+ 34. Be2 Nd3 $16) 33... Kh8 34. Kxh2 Nxe1+ 35. Kh3) 32... Rxb1+ 33. Rxb1 Rc2 {[#]} 34. Nd5 (34. Ne2 $1 $16) 34... Nf5 $1 $14 (34... Nxd5 35. Bxd5+ Kg7 36. Re1 $16) 35. g4 Nh4 ({Better is} 35... Nd4 $1 $14 36. Be4 (36. Nxe7+ Kf7 $14) 36... Re2) 36. Bd1 $16 ({Reject} 36. Nxe7+ $6 Kf7 37. Be4 Re2 $11) 36... Rd2 37. Nxe7+ ({White should play} 37. Ne3 $16) 37... Kf8 $11 {The position is equal.} 38. Nc6 {aiming for Rc1.} c3 39. Rc1 {Inhibits c2. Strongly threatening Kf1.} c2 $1 40. Rxc2 Rxd1+ {[%mdl 4096] Endgame KRN-KRN} 41. Kf2 Rd7 42. Kg3 g5 43. Rc5 Rd3+ 44. Kf2 Rf3+ 45. Ke2 Rf6 46. Nd4 Kg7 47. Rxg5+ Rg6 48. Nf5+ Nxf5 49. Rxg6+ Kxg6 50. gxf5+ {Weighted Error Value: White=0.20 (precise) /Black=0.18 (very precise)} 1/2-1/2

[Event "Moja Open Prestige 2022"]
[Site "Kimberley"]
[Date "2022.03.20"]
[Round "2.3"]
[White "Chikwavaire, Tapiwa"]
[Black "Mnyasta, Tezihano"]
[Result "1-0"]
[WhiteElo "2007"]
[BlackElo "1551"]
[Annotator "TA"]
[PlyCount "121"]
[EventDate "2022.03.19"]
[EventType "swiss"]
[EventCountry "RSA"]
[SourceTitle "playchess.com"]
[Source "ChessBase"]
[SourceQuality "1"]

{[%evp 14,121,39,33,62,25,35,36,52,37,48,27,24,23,33,31,38,37,38,25,40,10,25,30,437,412,471,464,466,454,506,511,542,533,565,561,583,562,640,532,569,557,599,587,682,454,456,454,509,508,534,539,556,547,528,502,495,470,567,574,663,662,784,784,784,779,773,772,967,776,776,747,964,964,945,939,906,883,1164,1139,1105,1072,1372,1372,1371,1366,2433,1357,1317,1206,1176,942,3295,3257,3295,3257,3099,2583,29997,-231,-220,-29992,2433,2181,2085,1883,6327,1654,6335,6315]} 1. Nf3 Nf6 2. c4 g6 3. g3 Bg7 4. Bg2 e6 5. O-O O-O 6. Nc3 d5 7. d4 c6 8. b3 Re8 {D78: Fianchetto Grünfeld: 6 0-0 c6.} 9. Bb2 Nbd7 10. Rc1 {[#]} a5 $146 {White is slightly better.} ({Predecessor:} 10... dxc4 11. bxc4 Nb6 12. Qb3 a5 13. c5 Nbd5 14. Rfd1 Nxc3 15. Bxc3 a4 16. Qa3 Nd5 {1-0 (54) Roma Barge,G (2086)-Palau Cabases,A (1977) Lleida 2019}) 11. e3 Rb8 12. Qe2 b5 13. cxd5 exd5 14. Rfd1 Qb6 15. Qc2 Bb7 16. Bh3 Rbd8 17. Ba3 b4 18. Na4 Qb5 {[%mdl 8192] [#]} (18... Qa7 $11 19. Bb2 Ne4) 19. Bf1 $1 $18 bxa3 (19... Qxf1+ 20. Kxf1) 20. Bxb5 cxb5 21. Nc5 Rc8 22. Qe2 Bc6 23. Nxd7 Nxd7 24. Rc2 h6 25. Rdc1 Re6 26. Qd3 Kh7 27. Kg2 Nb8 {[%cal Bd7b8,Bb8a6,Ba6b4][%mdl 32]} 28. h4 Na6 29. Qd2 Nb4 30. Rc3 Rd8 31. Ne1 Bf8 32. Nd3 Nxd3 33. Qxd3 Bd7 34. h5 Bd6 35. hxg6+ fxg6 {[#]} 36. Rc6 $1 Bxc6 (36... Rb8 37. Ra6) 37. Rxc6 Re7 38. Qxb5 Bb4 39. Qb6 Rg8 40. Rc7 Rgg7 41. Rxe7 Rxe7 {[%mdl 4096] Endgame KQ-KRB} 42. Qc6 h5 43. Qxd5 Rc7 44. Qe4 Rc1 45. Qd3 Ra1 46. Qc2 Kg7 47. d5 Kf6 48. Qc6+ Kg7 49. Qc7+ Kh6 50. Qf4+ Kh7 51. Qf7+ Kh6 52. d6 Rxa2 53. Qf4+ Kh7 54. d7 Rd2 55. d8=Q Rd5 56. Qd7+ $4 {[%mdl 8192]} Rxd7 $19 57. Qd6 $2 (57. Qf6 $19 a2 58. g4) 57... Rd8 $4 {[%mdl 8192]} 58. Qc7+ $18 {White is clearly winning.} Kh6 59. Qxd8 {Threatening mate with Qh8+.} Bc3 {To avoid Qh8+} 60. Qc7 Bb2 61. Qxa5 {Quite a comeback for White.  Weighted Error Value: White=0.12 (very precise) /Black=0.65} 1-0

[Event "Moja Open Prestige 2022"]
[Site "Kimberley"]
[Date "2022.03.20"]
[Round "2.4"]
[White "Mthetho, Jeffrey"]
[Black "Mlahleki, Vusimuzi"]
[Result "0-1"]
[WhiteElo "1610"]
[BlackElo "1980"]
[Annotator "TA"]
[PlyCount "54"]
[EventDate "2022.03.19"]
[EventType "swiss"]
[EventCountry "RSA"]
[SourceTitle "playchess.com"]
[Source "ChessBase"]
[SourceQuality "1"]

{[%evp 15,54,-10,-11,-2,8,-16,-16,-53,-28,-29,-31,-25,-25,-31,-1,-107,-106,-94,-108,-97,-6,-12,-10,-16,0,0,0,0,0,-36,-37,-40,-14,-20,-12,-118,-125,-211,-144,-360,-397]} 1. e4 e5 2. Nf3 Nc6 3. Bb5 a6 4. Ba4 Nf6 5. Qe2 b5 6. Bb3 Bc5 7. c3 O-O 8. d3 d6 9. h3 {C77: Ruy Lopez: 3...a6 4 Ba4 Nf6, unusual lines.} Be6 10. Bc2 Bb6 11. Nbd2 {The position is equal.} Ne7 {[%cal Bc6e7,Be7g6,Bg6f4][%mdl 32]} 12. Nf1 Ng6 {[#]} 13. Ng3 $146 ({Predecessor:} 13. g3 d5 14. Ne3 d4 15. cxd4 exd4 16. Ng2 c5 17. Nf4 Nxf4 18. gxf4 Re8 19. Kf1 {0-1 (36) Ubilava,E-Klovans,J Tbilisi 1972}) 13... h6 14. O-O Re8 15. d4 (15. Rd1 $11) 15... Bc4 $17 16. Bd3 Nf4 17. Bxf4 Bxd3 (17... exf4 $17 18. Bxc4 bxc4) 18. Qxd3 $11 exf4 19. Ne2 Nxe4 20. Nxf4 d5 21. Rfe1 c6 22. Re3 Bc7 23. Ne2 Qf6 24. Re1 Re6 25. Kf1 (25. Qc2 $11 {keeps the balance.}) 25... Rae8 $17 {Black is much more active.} 26. Neg1 (26. Qd1 $17) 26... Qf5 {Hoping for ...Bf4.} 27. Qd1 $2 {[#]} (27. g3 $17) 27... Ng3+ $1 {[%mdl 512] Weighted Error Value: White=0.43/Black=0.19 (very precise)} 0-1